[Event "Krefeld Easter op"]
[Site "Krefeld"]
[Date "2025.04.18"]
[Round "2"]
[White "Berkle, Pascal"]
[Black "Meyer, Ulrich"]
[Result "1-0"]
[WhiteElo "2004"]
[BlackElo "1874"]
[PlyCount "139"]
[EventDate "2025.04.17"]
[EventType "swiss"]
[EventRounds "9"]
[EventCountry "GER"]
[SourceTitle "CB17_2025"]
[SourceDate "2025.04.23"]
[SourceVersion "1"]
[SourceVersionDate "2025.04.23"]
[SourceQuality "1"]

1. d4 d5 2. Nf3 Nf6 3. c3 c6 4. Qc2 g6 5. Bf4 Bf5 6. Qb3 Qb6 7. Nbd2 Nbd7 8. h3 h6 9. g4 Be4 10. Nxe4 Nxe4 11. Ne5 Bg7 12. Nxd7 Qxb3 13. axb3 Kxd7 14. f3 Nd6 15. e3 a6 16. Bd3 Rae8 17. Be5 Bxe5 18. dxe5 Nb5 19. Kf2 Nc7 20. h4 h5 21. g5 e6 22. Rhd1 Ke7 23. Ke2 Rd8 24. Ra4 Rd7 25. Bc2 Rhd8 26. Kd3 c5 27. Ke2 Nb5 28. b4 c4 29. Ra5 Nc7 30. Raa1 Rb8 31. Ba4 Rdd8 32. Bc2 Nb5 33. Rd2 Ra8 34. Kf2 b6 35. Ba4 Nc7 36. Bc2 a5 37. bxa5 Rxa5 38. Rxa5 bxa5 39. Rd1 Rb8 40. Rb1 Na6 41. Ke2 Nc5 42. Kd2 a4 43. Kc1 Kd7 44. Ra1 Ra8 45. Kb1 Kc6 46. Ka2 Ra5 47. Rd1 Na6 48. Rd4 Nc5 49. Rf4 Ra7 50. Rf6 Nd3 51. Bxd3 cxd3 52. Rf4 Kb5 53. Rd4 Rc7 54. Rxd3 Rc4 55. Rd4 Ka5 56. Ka3 Kb5 57. e4 Rxd4 58. cxd4 Kc4 59. exd5 exd5 60. Kxa4 Kxd4 61. Kb3 Kd3 62. f4 d4 63. f5 gxf5 64. g6 fxg6 65. e6 f4 66. e7 f3 67. e8Q f2 68. Qxg6+ Kd2 69. Qf5 Ke1 70. Qe4+ 1-0

[Event "Mittelrhein Verbandsliga Sued 1920"]
[Site "Mittelrhein"]
[Date "2019.10.27"]
[Round "2.1"]
[White "Berkle, Pascal"]
[Black "Nenner, Thomas"]
[Result "1/2-1/2"]
[WhiteElo "2043"]
[BlackElo "1974"]
[PlyCount "62"]
[EventDate "2019.09.29"]
[EventType "team-tourn"]
[EventRounds "9"]
[EventCountry "GER"]
[SourceTitle "EXT 2023"]
[Source "ChessBase"]
[SourceDate "2022.10.05"]
[SourceVersion "1"]
[SourceVersionDate "2022.10.05"]
[SourceQuality "1"]
[WhiteTeam "Erftstadt SV"]
[BlackTeam "Bonn Stadtverwaltung II"]
[WhiteTeamCountry "GER"]
[BlackTeamCountry "GER"]

1. b3 e5 2. Bb2 Nc6 3. e3 d6 4. Bb5 Bd7 5. d4 exd4 6. exd4 Qg5 7. Qe2+ Qe7 8. Qxe7+ Ngxe7 9. Nf3 Nb4 10. Bxd7+ Kxd7 11. Kd2 g6 12. g4 h5 13. g5 Bg7 14. Nc3 f6 15. a3 Nbd5 16. Nxd5 Nxd5 17. c4 Ne7 18. d5 Rhf8 19. Ne1 Nf5 20. Nd3 fxg5 21. Bxg7 Nxg7 22. Rag1 Nf5 23. Rxg5 Nh4 24. Rg3 Nf3+ 25. Kd1 Rae8 26. Rxg6 Nd4 27. Rg7+ Re7 28. Rxe7+ Kxe7 29. b4 Rf3 30. Re1+ Kf6 31. Re3 Kf5 1/2-1/2

[Event "Mittelrhein Verbandsliga-W 17/18"]
[Site "Nordrheinwestfalen"]
[Date "2018.01.14"]
[Round "6.5"]
[White "Berkle, Pascal"]
[Black "Kiehn, Andreas"]
[Result "1-0"]
[WhiteElo "2045"]
[BlackElo "1747"]
[PlyCount "107"]
[EventDate "2017.09.10"]
[EventType "team-tourn"]
[EventRounds "11"]
[EventCountry "GER"]
[SourceTitle "EXT 2022"]
[Source "ChessBase"]
[SourceDate "2021.10.06"]
[SourceVersion "1"]
[SourceVersionDate "2021.10.06"]
[SourceQuality "1"]
[WhiteTeam "Erftstadt SV"]
[BlackTeam "Pulheim"]
[WhiteTeamCountry "GER"]
[BlackTeamCountry "GER"]

1. b3 c5 2. Bb2 Nc6 3. Nf3 d5 4. e3 Nf6 5. Bb5 Bd7 6. 0-0 e6 7. Bxc6 Bxc6 8. Ne5 Bd6 9. f4 Qc7 10. d3 0-0 11. Nxc6 bxc6 12. Bxf6 gxf6 13. Qg4+ Kh8 14. Qh4 Qe7 15. Nd2 f5 16. Qxe7 Bxe7 17. Rae1 Bf6 18. Re2 a5 19. a4 Rab8 20. Kf2 Rb4 21. Kf3 Bc3 22. Nb1 Bf6 23. e4 c4 24. e5 cxd3 25. cxd3 Be7 26. Nd2 Rd4 27. Re3 Bb4 28. Nb1 Rb8 29. Rc1 Rb6 30. g3 Kg7 31. Ke2 Kf8 32. Rf3 Be7 33. Nd2 Ke8 34. Rf2 Kd7 35. Rg2 f6 36. exf6 Bxf6 37. h3 h5 38. Rf1 Rb8 39. g4 hxg4 40. hxg4 Rg8 41. g5 Be7 42. Rh2 Rb4 43. Rh7 e5 44. Nf3 exf4 45. Rc1 Rxb3 46. Ne5+ Kd6 47. d4 Rb6 48. Rch1 Bf8 49. Rd7+ Ke6 50. Rhh7 c5 51. Nd3 cxd4 52. Nxf4+ Ke5 53. Nd3+ Ke4 54. Rh4+ 1-0

[Event "Mittelrhein Verbandsliga-W 15/16"]
[Site "Nordrheinwestfalen"]
[Date "2015.10.18"]
[Round "3.4"]
[White "Jerinic, Milan"]
[Black "Berkle, Pascal"]
[Result "1/2-1/2"]
[WhiteElo "1903"]
[BlackElo "1909"]
[PlyCount "46"]
[EventDate "2015.09.06"]
[EventType "team-tourn"]
[EventRounds "11"]
[EventCountry "GER"]
[SourceTitle "EXT 2022"]
[Source "ChessBase"]
[SourceDate "2021.10.06"]
[SourceVersion "1"]
[SourceVersionDate "2021.10.06"]
[SourceQuality "1"]
[WhiteTeam "Herzogenrath"]
[BlackTeam "Erftstadt SV"]
[WhiteTeamCountry "GER"]
[BlackTeamCountry "GER"]

1. Nf3 Nf6 2. c4 e6 3. g3 d5 4. b3 Be7 5. Bg2 0-0 6. Bb2 c5 7. cxd5 exd5 8. d4 Ne4 9. 0-0 Bf6 10. Qc1 Qe7 11. dxc5 Na6 12. Nc3 Rd8 13. Rd1 Nxc3 14. Bxc3 Bxc3 15. Qxc3 Qxe2 16. Nd4 Qe7 17. Rac1 Be6 18. b4 Rac8 19. Qa3 Bd7 20. Qa5 Qf6 21. Qa3 Qe7 22. Qa5 Qf6 23. Qa3 Qe7 1/2-1/2

[Event "Mittelrhein Verbandsliga-W 15/16"]
[Site "Nordrheinwestfalen"]
[Date "2015.09.27"]
[Round "2.6"]
[White "Berkle, Pascal"]
[Black "Luedtke, Wolfgang"]
[Result "1-0"]
[WhiteElo "1909"]
[BlackElo "1616"]
[PlyCount "39"]
[EventDate "2015.09.06"]
[EventType "team-tourn"]
[EventRounds "11"]
[EventCountry "GER"]
[SourceTitle "EXT 2022"]
[Source "ChessBase"]
[SourceDate "2021.10.06"]
[SourceVersion "1"]
[SourceVersionDate "2021.10.06"]
[SourceQuality "1"]
[WhiteTeam "Erftstadt SV"]
[BlackTeam "Bruehl II"]
[WhiteTeamCountry "GER"]
[BlackTeamCountry "GER"]

1. d4 g6 2. c4 Bg7 3. Nf3 Nf6 4. Nc3 d6 5. e4 0-0 6. Be2 a6 7. a4 Nc6 8. 0-0 e6 9. h3 Ne7 10. Be3 b6 11. Qc2 c5 12. Rfd1 Qc7 13. d5 e5 14. Nh2 Kh8 15. f4 Nfg8 16. Nf3 Bh6 17. Qd2 f5 18. fxe5 f4 19. Bf2 Bg7 20. e6 1-0

[Event "Bad Godesberg op 17th"]
[Site "Bad Godesberg"]
[Date "2013.08.10"]
[Round "8"]
[White "Berkle, Pascal"]
[Black "Gelsok, Philipp"]
[Result "0-1"]
[WhiteElo "1792"]
[BlackElo "1728"]
[PlyCount "46"]
[EventDate "2013.08.03"]
[EventType "swiss"]
[EventRounds "9"]
[EventCountry "GER"]
[SourceTitle "CBM 155 Extra"]
[Source "ChessBase"]
[SourceDate "2013.08.26"]
[SourceVersion "1"]
[SourceVersionDate "2013.08.26"]
[SourceQuality "1"]

1. d4 d5 2. c4 c6 3. Nf3 Nf6 4. Nc3 e6 5. Bg5 h6 6. Bh4 dxc4 7. e4 g5 8. Bg3 b5 9. Be2 Bb7 10. h4 g4 11. Ne5 h5 12. f3 gxf3 13. Bxf3 Bh6 14. Ne2 Nbd7 15. 0-0 Qe7 16. Nf4 0-0-0 17. Nxh5 Be3+ 18. Kh1 Nxh5 19. Bxh5 Nxe5 20. Qe2 Bxd4 21. Bxe5 Qxh4+ 22. Bh2 Qxh5 23. Qxh5 Rxh5 0-1

[Event "Bad Godesberg op 17th"]
[Site "Bad Godesberg"]
[Date "2013.08.08"]
[Round "6"]
[White "Berkle, Pascal"]
[Black "Hajek, Florian"]
[Result "1/2-1/2"]
[WhiteElo "1792"]
[BlackElo "1370"]
[PlyCount "60"]
[EventDate "2013.08.03"]
[EventType "swiss"]
[EventRounds "9"]
[EventCountry "GER"]
[SourceTitle "CBM 155 Extra"]
[Source "ChessBase"]
[SourceDate "2013.08.26"]
[SourceVersion "1"]
[SourceVersionDate "2013.08.26"]
[SourceQuality "1"]

1. d4 c5 2. d5 d6 3. c4 e6 4. Nc3 Nf6 5. Nf3 g6 6. g3 Bg7 7. Bg2 e5 8. 0-0 Bf5 9. Nd2 0-0 10. a3 Na6 11. e4 Bd7 12. Qb3 b6 13. Re1 Qc8 14. Nf1 Nh5 15. Bf3 Nf6 16. Bg2 Nh5 17. Nb5 Bxb5 18. Qxb5 Nf6 19. Rb1 Nc7 20. Qc6 Qd7 21. Qxd7 Nxd7 22. Bd2 Rad8 23. Ne3 Bh6 24. Re2 Kg7 25. Nc2 Bxd2 26. Rxd2 f5 27. f3 Rf7 28. Rf1 Rdf8 29. Rdf2 f4 30. b4 Na6 1/2-1/2

[Event "Bad Godesberg op 17th"]
[Site "Bad Godesberg"]
[Date "2013.08.07"]
[Round "5"]
[White "Eisentraut, Dieter"]
[Black "Berkle, Pascal"]
[Result "1/2-1/2"]
[WhiteElo "1949"]
[BlackElo "1792"]
[PlyCount "62"]
[EventDate "2013.08.03"]
[EventType "swiss"]
[EventRounds "9"]
[EventCountry "GER"]
[SourceTitle "CBM 155 Extra"]
[Source "ChessBase"]
[SourceDate "2013.08.26"]
[SourceVersion "1"]
[SourceVersionDate "2013.08.26"]
[SourceQuality "1"]

1. d4 d5 2. Bg5 Nc6 3. e3 Nf6 4. Bxf6 exf6 5. c4 Be6 6. cxd5 Qxd5 7. a3 Rd8 8. Ne2 g5 9. h4 Bg7 10. Ng3 0-0 11. Nc3 Qb3 12. hxg5 Qxb2 13. Na4 Qb3 14. Qxb3 Bxb3 15. Nc5 Be6 16. gxf6 Bxf6 17. Bd3 Bc8 18. Bxh7+ Kh8 19. Bf5+ Kg8 20. Bxc8 Rxc8 21. Nxb7 Rfe8 22. Rh6 Bxd4 23. Rxc6 Bxa1 24. Nh5 Re6 25. Rc4 Rg6 26. Nf4 Rb6 27. Nc5 Rb1+ 28. Ke2 c6 29. Nfd3 Kf8 30. Re4 Rc7 31. Rf4 Re7 1/2-1/2

[Event "Cologne Longerich op 09th"]
[Site "Cologne"]
[Date "2012.08.05"]
[Round "4"]
[White "Berkle, Pascal"]
[Black "Jansen, Kurt"]
[Result "1/2-1/2"]
[WhiteElo "1586"]
[BlackElo "1413"]
[PlyCount "137"]
[EventDate "2012.08.03"]
[EventType "tourn"]
[EventRounds "5"]
[EventCountry "GER"]
[SourceTitle "EXT 2017"]
[Source "ChessBase"]
[SourceDate "2016.10.25"]
[SourceVersion "1"]
[SourceVersionDate "2016.10.25"]
[SourceQuality "1"]

1. e4 e6 2. d4 d5 3. Nc3 Bb4 4. exd5 exd5 5. Bd3 Ne7 6. Nf3 Bf5 7. 0-0 Bxd3 8. Qxd3 0-0 9. Bd2 c6 10. Rfe1 Ng6 11. a3 Bd6 12. Ne2 Nd7 13. b4 a6 14. Rac1 Nb6 15. Be3 Nc4 16. Nd2 Nxe3 17. fxe3 Qc7 18. Nf3 Rae8 19. Nc3 b5 20. Rf1 a5 21. Rb1 axb4 22. axb4 Qe7 23. Rfe1 Bxb4 24. Qd2 Ra8 25. Nxd5 Bxd2 26. Nxe7+ Nxe7 27. Nxd2 Ra2 28. Rec1 Rd8 29. Ra1 Rda8 30. Nb3 Nd5 31. Kf2 Nb4 32. Rxa2 Rxa2 33. Ra1 Rxc2+ 34. Kf3 g6 35. Rc1 Rxc1 36. Nxc1 Kf8 37. Ke4 Ke7 38. Nb3 f6 39. Nc5 h6 40. h3 h5 41. Nb3 Na6 42. Kd3 Kd6 43. Nd2 Nb4+ 44. Kc3 Nd5+ 45. Kd3 f5 46. g3 g5 47. e4 Ne7 48. exf5 Nxf5 49. g4 hxg4 50. hxg4 Ng3 51. Nf3 Kd5 52. Nxg5 b4 53. Nf3 Ne4 54. g5 b3 55. Nd2 b2 56. Nb1 Nxg5 57. Kc3 Ne4+ 58. Kxb2 Kxd4 59. Kc2 Kc4 60. Na3+ Kb4 61. Nb1 c5 62. Kb2 Kc4 63. Kc2 Kd4 64. Kc1 Nc3 65. Nd2 Kd3 66. Nf3 Ne2+ 67. Kb2 Nd4 68. Ne5+ Ke4 69. Nd7 1/2-1/2

[Event "Cologne Longerich op 09th"]
[Site "Cologne"]
[Date "2012.08.05"]
[Round "3"]
[White "Berkle, Pascal"]
[Black "Westphal, Gerhard"]
[Result "1/2-1/2"]
[WhiteElo "1586"]
[BlackElo "1406"]
[PlyCount "60"]
[EventDate "2012.08.03"]
[EventType "tourn"]
[EventRounds "5"]
[EventCountry "GER"]
[SourceTitle "EXT 2017"]
[Source "ChessBase"]
[SourceDate "2016.10.25"]
[SourceVersion "1"]
[SourceVersionDate "2016.10.25"]
[SourceQuality "1"]

1. e4 e5 2. Nf3 Nc6 3. Bc4 Bc5 4. 0-0 Nf6 5. d3 0-0 6. Nc3 h6 7. Nd5 d6 8. c3 Nxd5 9. Bxd5 Ne7 10. Bc4 Be6 11. Bxe6 fxe6 12. a4 a5 13. Qb3 Qc8 14. d4 exd4 15. cxd4 Bb4 16. Bd2 Bxd2 17. Nxd2 c6 18. Nc4 d5 19. Nb6 Qc7 20. Nxa8 Rxa8 21. exd5 exd5 22. Rfe1 Rd8 23. Qg3 Qxg3 24. hxg3 Nf5 25. Rad1 b5 26. b3 bxa4 27. bxa4 Kf7 28. Re5 Kf6 29. g4 Nxd4 30. Re3 Ne6 1/2-1/2

[Event "Cologne Longerich op 09th"]
[Site "Cologne"]
[Date "2012.08.04"]
[Round "2"]
[White "Andrijenko, Anatoliy"]
[Black "Berkle, Pascal"]
[Result "1-0"]
[WhiteElo "1696"]
[BlackElo "1586"]
[PlyCount "101"]
[EventDate "2012.08.03"]
[EventType "tourn"]
[EventRounds "5"]
[EventCountry "GER"]
[SourceTitle "EXT 2017"]
[Source "ChessBase"]
[SourceDate "2016.10.25"]
[SourceVersion "1"]
[SourceVersionDate "2016.10.25"]
[SourceQuality "1"]

1. e4 c6 2. d4 d5 3. e5 Bf5 4. h4 h6 5. g4 Bd7 6. Bd3 e6 7. g5 hxg5 8. Bxg5 Be7 9. f4 f6 10. Bg6+ Kf8 11. Qf3 Be8 12. f5 Bxg6 13. fxg6 Ke8 14. Be3 f5 15. h5 Bh4+ 16. Ke2 Nh6 17. Bxh6 Rxh6 18. Nh3 Be7 19. Nf4 Kd7 20. Rf1 Qb6 21. Nxe6 Qxb2 22. Qxf5 Qxa1 23. Nd2 Qc3 24. Nxg7+ Kc7 25. Ne6+ Kb6 26. g7 Na6 27. Rf3 Qa1 28. Rb3+ Bb4 29. a3 Qg1 30. c3 Qh2+ 31. Kd1 Qxh5+ 32. Qxh5 Rxh5 33. cxb4 Rg8 34. Rg3 Nc7 35. Nf8 Ne8 36. Nd7+ Kc7 37. Nf6 Rh1+ 38. Ke2 Rh2+ 39. Ke3 Nxg7 40. Rxg7+ Rxg7 41. Ne8+ Kd7 42. Nxg7 Rg2 43. Nf5 Rg1 44. Nf3 Ra1 45. Ng5 Rxa3+ 46. Kf4 a5 47. e6+ Ke8 48. Ke5 axb4 49. Kd6 Ra8 50. e7 Rd8+ 51. Ke6 1-0

[Event "Cologne Longerich op 09th"]
[Site "Cologne"]
[Date "2012.08.03"]
[Round "1"]
[White "Berkle, Pascal"]
[Black "Lin, David"]
[Result "1-0"]
[WhiteElo "1586"]
[BlackElo "993"]
[PlyCount "135"]
[EventDate "2012.08.03"]
[EventType "tourn"]
[EventRounds "5"]
[EventCountry "GER"]
[SourceTitle "EXT 2017"]
[Source "ChessBase"]
[SourceDate "2016.10.25"]
[SourceVersion "1"]
[SourceVersionDate "2016.10.25"]
[SourceQuality "1"]

1. e4 e5 2. Nf3 Nc6 3. Bc4 Nf6 4. d3 Bc5 5. 0-0 d6 6. c3 Bg4 7. Qb3 0-0 8. Qxb7 Na5 9. Qb5 Nxc4 10. Qxc4 Bxf3 11. gxf3 Qd7 12. Kg2 Ng4 13. a4 Nxf2 14. d4 Qh3+ 15. Kxf2 Qxh2+ 16. Ke1 Qg3+ 17. Ke2 Qg2+ 18. Rf2 Qh1 19. Be3 exd4 20. cxd4 Bb6 21. Kd2 Kh8 22. Qf1 Qh5 23. Qb5 Qxb5 24. axb5 f5 25. Nc3 f4 26. Nd5 fxe3+ 27. Kxe3 Rae8 28. Kd3 g5 29. Rg1 h6 30. Rgf1 Rf7 31. f4 gxf4 32. Rxf4 Rxf4 33. Rxf4 Rg8 34. Rf7 Rg7 35. Rf8+ Rg8 36. Rf7 Rg7 37. Rf8+ Rg8 38. Rxg8+ Kxg8 39. b4 Kg7 40. Ke3 Kg6 41. Nxb6 axb6 42. Kf4 h5 43. e5 d5 44. Kf3 Kf5 45. Kg3 Ke6 46. Kh4 Kf5 47. Kxh5 Ke6 48. Kg6 Kd7 49. Kf7 c6 50. e6+ Kc7 51. bxc6 Kxc6 52. e7 Kb5 53. e8Q+ Kxb4 54. Ke6 Kc4 55. Qc6+ Kxd4 56. Qxd5+ Ke3 57. Qb5 Ke4 58. Qxb6 Kf4 59. Qd4+ Kf3 60. Kf5 Ke2 61. Qc3 Kf2 62. Qd3 Kg2 63. Qe3 Kh2 64. Qf3 Kg1 65. Qe2 Kh1 66. Kg4 Kg1 67. Kg3 Kh1 68. Qg2# 1-0